Stati Italiani - Statistics

Statistiche generali
  • Questo quiz è stato fatto 7.934 volte
    7.252 dall'ultimo reset
  • Il punteggio medio è 12 su 29
Statistiche sulle risposte
Anni Stato % Corretto
1861-1946 Regno d'Italia
76%
1946- Repubblica Italiana
76%
1000-1797 Repubblica di Venezia
63%
1816-1861 Regno delle Due Sicilie
60%
1297-1861 Regno di Sardegna
58%
752-1870 Stato Pontificio
58%
1302-1816 Regno di Napoli
57%
1806-1867 Impero Austriaco
55%
1395-1559 Ducato di Milano
54%
1796-1814 Francia
54%
1867-1919 Impero Austro-Ungarico
52%
1099-1815 Repubblica di Genova
52%
1416-1720 Ducato di Savoia
48%
1516-1713 Impero Spagnolo
47%
1532-1569 Ducato di Firenze
46%
1569-1859 Granducato di Toscana
40%
1302-1816 Regno di Sicilia
40%
1545-1859 Ducato di Parma e Piacenza
35%
962-1806 Sacro Romano Impero
33%
1452-1859 Ducato di Modena e Reggio
30%
1471-1598 Ducato di Ferrara
29%
1530-1708 Ducato di Mantova
29%
1162-1847 Repubblica poi Ducato di Lucca
24%
1125-1569 Repubblica poi Ducato di Siena
23%
1443-1631 Ducato di Urbino
16%
1664-1829 Principato poi Ducato di Massa e Carrara
11%
967-1708 Marchesato del Monferrato
10%
1406-1621 Ducato di Guastalla
4%
1443-1796 Ducato di Sora
2%
Nessun quiz corrispondente trovato
Distribuzione punteggi
Percentuale di utenti per punteggio
Percentile per numero di risposta
I tuoi punteggi nel tempo
Non hai fatto questo quiz dall'ultimo reset